Normal view MARC view
  • Denis, R.Y Dubey, S.K.D Khan, M.U Singh, R.P Singh, R.P

Entry Personal Name

Number of records used in: 1

001 - CONTROL NUMBER

  • control field: 59809

003 - CONTROL NUMBER IDENTIFIER

  • control field: NUST

005 - DATE AND TIME OF LATEST TRANSACTION

  • control field: 20210628202418.0

008 - FIXED-LENGTH DATA ELEMENTS

  • fixed length control field: 210628|| aca||aabn | a|a d

040 ## - CATALOGING SOURCE

  • Original cataloging agency: NUST
  • Transcribing agency: NUST

100 ## - HEADING--PERSONAL NAME

  • Personal name: Denis, R.Y Dubey, S.K.D Khan, M.U Singh, R.P Singh, R.P

670 ## - SOURCE DATA FOUND

  • Source citation: Work cat.: (NUST): Denis, R.Y Dubey, S.K.D Khan, M.U Singh, R.P Singh, R.P, Analysis real and complex, 2005
© 2023 Central Library, National University of Sciences and Technology. All Rights Reserved.